| 000 | 00615na a2200217 4500 | ||
|---|---|---|---|
| 001 | 17619 | ||
| 003 | MIRAKIL | ||
| 005 | 20181213154931.0 | ||
| 008 | 161031b tu 000 0 | ||
| 040 |
_aMilas _btur _cTR-AnCHP |
||
| 041 | _atur | ||
| 082 |
_a338.45 _bD35 1998 |
||
| 090 | _a338.45 D35 1998 | ||
| 245 |
_aDenizli verimliliği arttırma projesi _cMilli Prodüktivite Merkezi (MPM) |
||
| 260 |
_aAnkara _bMPM _c1998 |
||
| 300 |
_a1031 s. _btbl. _c24 sm. |
||
| 504 | _aKaynakça var. | ||
| 650 |
_aEkonomi _xBüyüme ve gelişme _zDenizli |
||
| 650 |
_aVerimlilik _xDenizli _yProjeler |
||
| 942 |
_2ddc _cBKS |
||
| 999 |
_c3447 _d3447 |
||